000 01252 a2200241 4500
001 46008
005 20260407155733.0
008 260407a1985 arg spa d
003 AR-UNSa-BCEJYS
040 _aAR-UNSa-BCEJYS
_bspa
_cAR-UNSa-BCEJYS
080 _a001.891
_xInvestigación científica. Métodos de investigación
245 1 0 _aLa investigación científica
_psu estrategia y su filosofía
020 _a978-84-344-8010-0
250 _a2a. ed. corr.
264 1 _aBarcelona :
_bAriel
_c1985
300 _a955 p.
_c22 cm.
505 _aParte I: Enfoque e instrumentos: 1. El enfoque científico – 2. Concepto – 3. Dilucidación - - Parte II: Las ideas científicas: 4. Problema – 5. Hipótesis – 6. Ley – 7. Teoría: estática – 8. Teoría: dinámica - - Parte III: La aplicación de las ideas científicas: de la explicación a la acción: 9. Explicación – 10. Predicción – 11. Acción - - Parte IV : La contrastación de las ideas científicas : de la observación a la inferencia : 12. Observación – 13. Medición – 14. Experimento – 15. La inferencia científica.
041 _aspa
942 _cBK
590 _aniveau_biblio:m niveau_hierar:0
100 1 _aBunge, Mario
700 1 _aSacristán, Manuel
999 _c4110
_d4110